Child sexual abuse and protection laws in india / (Record no. 156680)

MARC details
000 -LEADER
fixed length control field 00652nam a22001937a 4500
005 - DATE AND TIME OF LATEST TRANSACTION
control field 20180830141834.0
010 ## - LCCN (DPL NO)
LC control number ENG-123929
020 ## - INTERNATIONAL STANDARD BOOK NUMBER
International Standard Book Number 9789352806843
Terms of availability 850.00
035 ## - SYSTEM CONTROL NUMBER
System control number EN-107461
037 ## - SOURCE OF ACQUISITION
Source of stock number/acquisition DBAD/PUB
082 00 - DEWEY DECIMAL CLASSIFICATION NUMBER
Classification number 345.54025554
100 ## - MAIN ENTRY--PERSONAL NAME
Personal name Halder, Debarati
245 10 - TITLE STATEMENT
Title Child sexual abuse and protection laws in india /
Statement of responsibility, etc by Debarati Halder
260 ## - PUBLICATION, DISTRIBUTION, ETC. (IMPRINT)
Place of publication, distribution, etc New Delhi
Name of publisher, distributor, etc SAGE Publications,
Date of publication, distribution, etc 2018
270 ## - ADDRESS
Address B1/I-1 Mohan Cooperative Industrial Area, Mathura Road
City New Delhi
Postal code 110044
300 ## - PHYSICAL DESCRIPTION
Extent xviii,214p.
Dimensions 22cm.(Hb)
500 ## - GENERAL NOTE
General note It includes index and about the author
942 ## - ADDED ENTRY ELEMENTS (KOHA)
Source of classification or shelving scheme Dewey Decimal Classification
Item type English Books
Classification part 345.54025554
Call number suffix HAL
Holdings
Withdrawn status Lost status Not for loan Collection code Home library Current library Date acquired Source of acquisition Cost, normal purchase price Full call number Barcode Copy number Cost, replacement price Koha item type
    Not For Loan Non-fiction D.B.Act.Division Bawana 30/08/2018 DBAD/PUB 850.00 345.54025554 HAL EN-107461 1 850.00 English Books

© Delhi Public Library
Hit Counter
free hit counter